000 00603cam a2200145 4500500
005 20251012013736.0
041 _afre
042 _adc
100 1 0 _aRivet de Sabatier, Philippe
_eauthor
245 0 0 _aÉtienne de La Vaissière, Asie centrale 300-850. Des routes et des royaumes. Les Belles Lettres, 2024, 648 pages, 125 color illustrations, 48 maps by Fabien Tessier, €35
260 _c2025.
500 _a39
786 0 _nÉtudes | Juillet-Août | 7-8 | 2025-07-01 | p. 130-130 | 0014-1941
856 4 1 _uhttps://shs.cairn.info/journal-etudes-2025-7-8-page-130?lang=en&redirect-ssocas=7080
999 _c1530036
_d1530036